| 000 | 00414nam a2200181Ia 4500 | ||
|---|---|---|---|
| 003 | 0STCL | ||
| 008 | 150530s9999 xx 000 0 und d | ||
| 040 |
_aSTCL _cSTCL |
||
| 100 | _aPadmanabhan Nair, K. | ||
| 245 | _aKunhali Marekkar | ||
| 250 | _a2 | ||
| 260 |
_bCurrent Book; Thrissur _c1963 _aThrissur |
||
| 300 | _a0 | ||
| 546 | _aMalayalam | ||
| 942 |
_2ddc _cBK |
||
| 999 |
_c48423 _d48423 |
||
| 005 | 20220125170742.0 | ||